000 00339nam a22001457a 4500
008 221020b ||||| |||| 00| 0 eng d
020 _a9780323188197
041 _aeng
080 _26TH EDITION
_a610.73
082 _a610.73 NIE
100 _a8
101 _aINF
245 _aCOMMUNITY PUBLIC HEALTH NURSING
_cNIES M
942 _2udc
_cBK
999 _c58622
_d58622